Independencia de América (Record no. 146131)

MARC details
000 -LEADER
campo de control de longitud fija 00731nam a2200181 i 4500
001 - NÚMERO DE CONTROL
campo de control 146131
003 - IDENTIFICADOR DE NÚMERO DE CONTROL
campo de control ES-MaACL
005 - FECHA Y HORA DE LA ÚLTIMA TRANSACCIÓN
campo de control 20230906201427.0
007 - CAMPO FIJO DE DESCRIPCIÓN FÍSICA--INFORMACIÓN GENERAL
campo de control de longitud fija t|
008 - DATOS DE LONGITUD FIJA--INFORMACIÓN GENERAL
campo de control de longitud fija 070903s1912 sp |||| | spa d
100 1# - ENTRADA PRINCIPAL--NOMBRE DE PERSONA
Nombre de persona Torres Lanzas, Pedro.
9 (RLIN) 110975
245 10 - MENCIÓN DEL TÍTULO
Título Independencia de América
Resto del título : fuentes para su estudio : catálogo de documentos conservados en el Archivo General de Indias de Sevilla /
Mención de responsabilidad, etc. Pedro Torres Lanzas.
260 ## - PUBLICACIÓN, DISTRIBUCIÓN, ETC.
Lugar de publicación, distribución, etc. Madrid :
Nombre del editor, distribuidor, etc. [s.n.],
Fecha de publicación, distribución, etc. 1912 (
Fabricante Tip. de la Soc. Pub. Históricas)
300 ## - DESCRIPCIÓN FÍSICA
Extensión 6 v. ;
Dimensiones 23 cm.
610 24 - PUNTO DE ACCESO ADICIONAL DE MATERIA--NOMBRE DE ENTIDAD CORPORATIVA
Nombre de entidad corporativa o nombre de jurisdicción como elemento de entrada Archivo General de Indias-
Subdivisión general Catálogos.
9 (RLIN) 1431
651 #4 - PUNTO DE ACCESO ADICIONAL DE MATERIA--NOMBRE GEOGRÁFICO
Nombre geográfico América española-
Subdivisión general Historia-
Subdivisión cronológica 1806-1830, Guerras de la Independencia-
Subdivisión de forma Fuentes.
9 (RLIN) 168816
852 ## - LOCALIZACIÓN
Ubicación ES-MaACL
Número de control de estantería F-1901-06
Holdings
Estatus retirado Estado de pérdida Estado de daño No para préstamo Biblioteca de origen Biblioteca actual Ubicación en estantería Fecha de adquisición Fuente de adquisición Total de préstamos Signatura topográfica completa Código de barras Visto por última vez Precio de reemplazo Tipo de ítem Koha
        Biblioteca del Ateneo de Madrid Biblioteca del Ateneo de Madrid Depósito 2 17/01/2008     F-1901-06 1152526 23/02/2023 23/02/2023 Libro impreso